[Event "Porto Alegre Trois Cup"]
[Site "Porto Alegre"]
[Date "2022.08.20"]
[Round "3"]
[White "Sousa, Patrick Tavares De"]
[Black "Lobato, Lucas Almeida"]
[Result "0-1"]
[WhiteElo "1755"]
[BlackElo "1800"]
[PlyCount "62"]
[EventDate "2022.08.19"]
[EventType "swiss"]
[EventRounds "5"]
[EventCountry "BRA"]
[SourceTitle "CBM 210 Extra"]
[Source "ChessBase"]
[SourceDate "2022.11.30"]
[SourceVersion "1"]
[SourceVersionDate "2022.11.30"]
[SourceQuality "1"]

1. e4 c5 2. c3 d5 3. e5 Nc6 4. d4 cxd4 5. cxd4 Qb6 6. Nf3 Bg4 7. Qd3 Bxf3 8. gxf3 Qxd4 9. Qxd4 Nxd4 10. Bd3 Nxf3+ 11. Ke2 Nxe5 12. Bb5+ Nc6 13. Nc3 0-0-0 14. Rd1 e6 15. Bf4 Bd6 16. Bg3 Bxg3 17. hxg3 Nf6 18. Rac1 a6 19. Bxc6 bxc6 20. Na4 Kb7 21. Rc2 Ne4 22. Rdc1 Rc8 23. Kf1 Rc7 24. Kg2 h5 25. f3 Nd6 26. Nc5+ Ka7 27. Rc3 Nb7 28. Ra3 Nxc5 29. Rxc5 Kb6 30. Rca5 Ra7 31. R5a4 c5 0-1

[Event "Porto Alegre Trois Cup"]
[Site "Porto Alegre"]
[Date "2022.08.19"]
[Round "1"]
[White "Sousa, Patrick Tavares De"]
[Black "De Mello, Joao Luiz"]
[Result "1/2-1/2"]
[WhiteElo "1755"]
[BlackElo "1594"]
[PlyCount "88"]
[EventDate "2022.08.19"]
[EventType "swiss"]
[EventRounds "5"]
[EventCountry "BRA"]
[SourceTitle "CBM 210 Extra"]
[Source "ChessBase"]
[SourceDate "2022.11.30"]
[SourceVersion "1"]
[SourceVersionDate "2022.11.30"]
[SourceQuality "1"]

1. e4 c6 2. d4 d5 3. exd5 cxd5 4. Nf3 Nc6 5. Be2 Bg4 6. 0-0 Nf6 7. c3 e6 8. Bg5 Be7 9. Re1 0-0 10. Nbd2 Qc7 11. Nf1 Ne4 12. Bxe7 Qxe7 13. h3 Bh5 14. N1d2 Bg6 15. Nxe4 Bxe4 16. Bd3 Bg6 17. Ne5 Nxe5 18. Rxe5 Rfe8 19. Bxg6 hxg6 20. Qg4 Kh7 21. Rae1 Qf6 22. R1e3 Rh8 23. Rf3 Qe7 24. Qf4 Kg8 25. Rfe3 Qd7 26. Qf3 b5 27. b3 Rc8 28. b4 Rc6 29. Re1 f6 30. R5e3 Kf7 31. Qe2 a6 32. a3 Rhc8 33. Qd2 Qc7 34. Rc1 a5 35. Qb2 a4 36. Qd2 g5 37. Qd3 Rc4 38. g3 g6 39. Kg2 Rh8 40. Qe2 Qc6 41. Re1 Re8 42. Qd2 Qc8 43. f3 Rc6 44. Qd3 Rc4 1/2-1/2